1877 1238 1271 1721 1458 1117 1275 1979 1302 1249 1289 1776 1414 1530 1903 1525 1351 1410 1396 1810 1407 1154 1046 1485 1708 1390 1715 1697 1420 1109 1290 1101 1397 1263 1644 1648 2000 1733 1934 1394 1952 1638 1950 1795 1562 1692 1539 1492 1306 1730 1828 2000 1179 1874 1951 1755 1051 1569 1728 1370 1268 1141 1856 1744 1389 1111 1852 1045 1843 1144 1186 1696 1292 1238 1628 1309 1670 1704 1084 1688 1922 1692 1910 1804 1656 1546 1848 1078 1505 1159 1925 1029 1920 1120 1180 1478 1607 1874 1908 BCNSPRNW ULIB Ver.6.0+V

เปลี่ยนเป็นภาษาไทย

Change to English
 แสดงรายละเอียดบรรณานุกรม
  กลับหน้าหลัก

Brief Record : Get Marc (ISO 2709) : E-mail record : QR code < ปิดหน้าต่าง
LEADER : 00000nam 2200000uu 4500
001    13399125229
003     ULIB
008    161121s2559||||th 000 0 tha d
020    ^a9786167902920
050  4 ^aPE1131^bส816ส
100 0  ^aสุนันทา เทศสุข
110 1  ^aโครงการพัฒนานวัตกรรมการสอนภาษาพม่าเพื่อการสื่อสารสำนักงานคณะกรรมการอุดมศึกษา
245 10 ^aสนทนาภาษาพม่าเพื่อการสื่อสารทางวัฒนธรรม /^cสุนันทา เทศสุข
260    ^aพิษณุโลก :^bหจก.โรงพิมพ์ตระกูลไทย,^c2559
300    ^a140 หน้า
650  4 ^aภาษาพม่า^xบทสนทนา
700 0  ^aสุนันทา เทศสุข
945    ^p0^l0^i001549
999    ^aวรรณษา ชูชัยมงคล
รายการนี้ยังไม่มีแท็ก
คุณยังไม่ได้ล็อกอิน คุณสามารถมีกิจกรรมร่วมกับเว็บไซต์ได้ แต่ต้องล็อกอินก่อน ::
  ล็อกอิน

รายการสื่อสารสนเทศ

ลำดับที่ ประเภท เลขเรียก/บาร์โค้ด สถานที่ สถานะ
1. การศึกษาทั่วไป
การศึกษาทั่วไป
PE1131 ส816ส ฉ.1 
  Barcode: 001549
ห้องสมุดวิทยาเขตสวรรค์ประชารักษ์
►หนังสือทั่วไป
บนชั้น

BibComment


ยังไม่เคยถูกคอมเมนท์

คอมเมนท์ทรัพยากรรายการนี้
  คอมเมนท์: สนทนาภาษาพม่าเพื..


 Copyright 2026. Bcnsprnw @Library